000 00709nam a2200241Ia 4500
003 OSt
005 20220924114248.0
006 a|||||r|||| 00| 0
007 ta
008 220923b |||||||| |||| 00| 0 urd d
024 _a309188
037 _cTextual
040 _aARTS
_cARTS
_burd
041 _2urd
_aurd
082 _aO157,3M61,3, 168J0
100 _aTagore Rabindra Nath
_953784
245 0 _aToofan - e - haus
260 _aAmritsar
_bBharat Pustak India
_c1950
650 _aBENGALI LITERATURE
700 _a Firozpuri Tirath Ram Tr.
_9172695
942 _hO157,3M61,3, 168J0
_cTEXL
_2CC
999 _c392743
_d392743